[Event "25th Klatovy A 2017"]
[Site "Klatovy CZE"]
[Date "2017.07.02"]
[Round "2.25"]
[White "Kotal, Vaclav"]
[Black "Hacaperka, Michal"]
[Result "1-0"]
[WhiteElo "2070"]
[BlackElo "1846"]
[PlyCount "70"]
[EventDate "2017.07.01"]
[EventType "swiss"]
[EventRounds "9"]
[EventCountry "CZE"]
[SourceTitle "EXT 2018"]
[Source "ChessBase"]
[SourceDate "2017.10.13"]
[SourceVersion "1"]
[SourceVersionDate "2017.10.13"]
[SourceQuality "1"]

1. d4 Nf6 2. Bf4 d6 3. Nf3 g6 4. e3 Bg7 5. Be2 O-O 6. O-O Nh5 7. Bg5 h6 8. Bh4 Qe8 9. Nc3 c6 10. Nd2 Nf6 11. f4 Nbd7 12. Bf3 e5 13. fxe5 dxe5 14. Nc4 e4 15. Nd6 Qe6 16. Ndxe4 Nxe4 17. Bxe4 Nf6 18. Bxf6 Bxf6 19. Qf3 Bg7 20. Bd3 f5 21. Rae1 Bd7 22. b3 Kh7 23. Ne2 Rae8 24. Nf4 Qd6 25. c3 Re7 26. h4 c5 27. h5 Bc6 28. hxg6+ Kh8 29. d5 Be8 30. c4 Bc3 31. Re2 Be5 32. Qh3 Bxf4 33. Rxf4 Bxg6 34. Qxh6+ Rh7 35. Qg5 Rff7 1-0

[Event "25th Klatovy A 2017"]
[Site "Klatovy CZE"]
[Date "2017.07.02"]
[Round "2.26"]
[White "Bartonicek, Zdenek Jr"]
[Black "Ruzickova, Radka"]
[Result "0-1"]
[WhiteElo "2039"]
[BlackElo "1836"]
[PlyCount "52"]
[EventDate "2017.07.01"]
[EventType "swiss"]
[EventRounds "9"]
[EventCountry "CZE"]
[SourceTitle "EXT 2018"]
[Source "ChessBase"]
[SourceDate "2017.10.13"]
[SourceVersion "1"]
[SourceVersionDate "2017.10.13"]
[SourceQuality "1"]

1. d4 d5 2. c4 e6 3. Nf3 Nf6 4. Bg5 c6 5. a3 Be7 6. Nc3 dxc4 7. e4 b5 8. e5 Nd5 9. Bxe7 Nxc3 10. bxc3 Qxe7 11. Nd2 O-O 12. Ne4 Nd7 13. h4 Bb7 14. Qh5 Rfd8 15. Rh3 f6 16. f4 Rab8 17. Nd6 Ba8 18. Rg3 c5 19. a4 cxd4 20. axb5 fxe5 21. fxe5 dxc3 22. Rxa7 c2 23. Kd2 Qf8 24. Rf3 Bxf3 25. Qxf3 Qxf3 26. gxf3 Nxe5 0-1

[Event "25th Klatovy A 2017"]
[Site "Klatovy CZE"]
[Date "2017.07.02"]
[Round "2.27"]
[White "Dolansky, Lukas"]
[Black "Fox, Pierre"]
[Result "1-0"]
[WhiteElo "2065"]
[BlackElo "1761"]
[PlyCount "55"]
[EventDate "2017.07.01"]
[EventType "swiss"]
[EventRounds "9"]
[EventCountry "CZE"]
[SourceTitle "EXT 2018"]
[Source "ChessBase"]
[SourceDate "2017.10.13"]
[SourceVersion "1"]
[SourceVersionDate "2017.10.13"]
[SourceQuality "1"]

1. Nf3 d5 2. g3 Nf6 3. Bg2 c6 4. O-O Bg4 5. d3 Nbd7 6. Nbd2 e5 7. h3 Bh5 8. c4 Bd6 9. a3 a5 10. Re1 O-O 11. Qc2 Rc8 12. Nb3 h6 13. Bd2 b6 14. Nh4 Re8 15. g4 Bg6 16. Nxg6 fxg6 17. g5 Nh5 18. cxd5 Nf4 19. dxc6 Nf8 20. Qc4+ Kh7 21. Bxf4 exf4 22. gxh6 Kxh6 23. Nd2 Ne6 24. d4 Bb8 25. d5 Ng5 26. e3 Qf6 27. b4 f3 28. Qh4# 1-0

[Event "25th Klatovy A 2017"]
[Site "Klatovy CZE"]
[Date "2017.07.02"]
[Round "2.28"]
[White "Novotny, Jaroslav2"]
[Black "Hausner, Ivan"]
[Result "0-1"]
[WhiteElo "1933"]
[BlackElo "2363"]
[PlyCount "64"]
[EventDate "2017.07.01"]
[EventType "swiss"]
[EventRounds "9"]
[EventCountry "CZE"]
[SourceTitle "EXT 2018"]
[Source "ChessBase"]
[SourceDate "2017.10.13"]
[SourceVersion "1"]
[SourceVersionDate "2017.10.13"]
[SourceQuality "1"]

1. d4 Nf6 2. Nf3 g6 3. c4 Bg7 4. Nc3 d5 5. e3 O-O 6. cxd5 Nxd5 7. Bc4 Nxc3 8. bxc3 c5 9. O-O Nc6 10. Ba3 b6 11. Rc1 Na5 12. Be2 Qc7 13. dxc5 Be6 14. c4 bxc5 15. Qa4 Bd7 16. Qc2 Nb7 17. Bb2 Bf5 18. Qb3 Na5 19. Qa3 Bxb2 20. Qxb2 Rab8 21. Qc3 Nc6 22. Rfd1 Rfd8 23. Rxd8+ Qxd8 24. Rd1 Qa5 25. Qxa5 Nxa5 26. h3 Be6 27. Ng5 Bxc4 28. Bxc4 Nxc4 29. Rc1 Nd2 30. Nf3 Ne4 31. Rc2 Rb1+ 32. Kh2 Rf1 0-1

[Event "25th Klatovy A 2017"]
[Site "Klatovy CZE"]
[Date "2017.07.02"]
[Round "2.30"]
[White "Hlavac, Rudolf"]
[Black "Kejzlar, Lubos"]
[Result "0-1"]
[WhiteElo "2031"]
[BlackElo "1940"]
[PlyCount "144"]
[EventDate "2017.07.01"]
[EventType "swiss"]
[EventRounds "9"]
[EventCountry "CZE"]
[SourceTitle "EXT 2018"]
[Source "ChessBase"]
[SourceDate "2017.10.13"]
[SourceVersion "1"]
[SourceVersionDate "2017.10.13"]
[SourceQuality "1"]

1. e4 g6 2. d4 Bg7 3. Nc3 d6 4. Nf3 a6 5. Be2 b5 6. a3 Bb7 7. O-O Nd7 8. Re1 e6 9. Bg5 Ne7 10. h3 h6 11. Be3 O-O 12. Qd2 Kh7 13. Nh2 f5 14. f3 Nf6 15. Bd3 Rc8 16. b4 Nc6 17. Ne2 Ng8 18. c3 e5 19. exf5 gxf5 20. a4 Kh8 21. axb5 axb5 22. Bxb5 f4 23. Bf2 Qg5 24. Ba6 Bxa6 25. Rxa6 Nge7 26. d5 Nb8 27. Ra7 Rg8 28. Kh1 Nd7 29. c4 Nf5 30. Nc3 Bf8 31. Rg1 Be7 32. Ne4 Qg7 33. Nf1 Nf6 34. Nxf6 Bxf6 35. Qd3 Qd7 36. Kh2 Rg7 37. g4 fxg3+ 38. Nxg3 Nxg3 39. Rxg3 Bg5 40. Be3 Bxe3 41. Qxe3 Kh7 42. Qe4+ Kg8 43. Rxg7+ Kxg7 44. Qg4+ Qxg4 45. hxg4 Kf6 46. Kg3 Kg5 47. b5 h5 48. gxh5 Kxh5 49. Kf2 Kg5 50. Ke3 Kf5 51. Ra1 Rh8 52. Ra7 Rc8 53. Rb7 Kf6 54. Ke4 Kg5 55. Ra7 Kf6 56. Ra1 Rh8 57. Rg1 Rh4+ 58. Rg4 Rh1 59. Rg8 Rd1 60. Ke3 Ke7 61. Rg7+ Kd8 62. Rg4 Kc8 63. Ke4 Kb7 64. Kf5 Kb6 65. f4 Rf1 66. Ke6 Rxf4 67. Rg8 Rxc4 68. Kd7 Kxb5 69. Rb8+ Kc5 70. Kxc7 Kxd5+ 71. Kd7 e4 72. Re8 Ra4 0-1

[Event "25th Klatovy A 2017"]
[Site "Klatovy CZE"]
[Date "2017.07.02"]
[Round "2.31"]
[White "Stanek, Petr"]
[Black "Kunc, Jan"]
[Result "1/2-1/2"]
[WhiteElo "1888"]
[BlackElo "2015"]
[PlyCount "74"]
[EventDate "2017.07.01"]
[EventType "swiss"]
[EventRounds "9"]
[EventCountry "CZE"]
[SourceTitle "EXT 2018"]
[Source "ChessBase"]
[SourceDate "2017.10.13"]
[SourceVersion "1"]
[SourceVersionDate "2017.10.13"]
[SourceQuality "1"]

1. e4 c5 2. Be2 Nc6 3. d3 g6 4. f4 Bg7 5. Nf3 d6 6. O-O e5 7. c3 Nge7 8. Qe1 O-O 9. Qh4 d5 10. Ng5 h6 11. Nh3 exf4 12. Bxf4 Bxh3 13. Qxh3 g5 14. Bc1 dxe4 15. dxe4 Ne5 16. Na3 a6 17. Nc4 Qc7 18. Ne3 Qc6 19. Nf5 Nxf5 20. exf5 Qf6 21. Be3 b6 22. a4 a5 23. g4 Rfd8 24. Qg2 Ra7 25. Rfd1 Rad7 26. Rxd7 Rxd7 27. Bb5 Rd6 28. Qe2 Qd8 29. Rf1 Bf6 30. h3 Kg7 31. Kh1 Qa8+ 32. Qg2 Qd8 33. Qe2 Nd3 34. Rf3 Ne1 35. Rf1 Nd3 36. Rf3 Ne1 37. Rf1 Nd3 1/2-1/2

[Event "25th Klatovy A 2017"]
[Site "Klatovy CZE"]
[Date "2017.07.02"]
[Round "2.32"]
[White "Novak, Jaromir"]
[Black "Ondrejat, Miroslav"]
[Result "1/2-1/2"]
[WhiteElo "1849"]
[BlackElo "2010"]
[PlyCount "62"]
[EventDate "2017.07.01"]
[EventType "swiss"]
[EventRounds "9"]
[EventCountry "CZE"]
[SourceTitle "EXT 2018"]
[Source "ChessBase"]
[SourceDate "2017.10.13"]
[SourceVersion "1"]
[SourceVersionDate "2017.10.13"]
[SourceQuality "1"]

1. d4 Nf6 2. Nf3 b6 3. g3 Bb7 4. Bg2 g6 5. c4 Bg7 6. Nc3 O-O 7. O-O d6 8. Qc2 Nbd7 9. e4 e5 10. d5 a5 11. b3 Nc5 12. Bg5 h6 13. Bd2 Bc8 14. Ne1 Ne8 15. Nd3 Nxd3 16. Qxd3 f5 17. exf5 gxf5 18. f4 e4 19. Qe3 Nf6 20. Bh3 h5 21. Rad1 Ng4 22. Bxg4 hxg4 23. Nb5 Bd7 24. Nd4 Qf6 25. Bc3 Qh6 26. Ne2 Kf7 27. Bxg7 Qxg7 28. Qd4 Qh6 29. Rf2 Rfe8 30. Qe3 Qf6 31. Nd4 Rab8 1/2-1/2

[Event "25th Klatovy A 2017"]
[Site "Klatovy CZE"]
[Date "2017.07.02"]
[Round "2.33"]
[White "Kucera, Tomas"]
[Black "Brunova, Blanka"]
[Result "1/2-1/2"]
[WhiteElo "1993"]
[BlackElo "1922"]
[PlyCount "44"]
[EventDate "2017.07.01"]
[EventType "swiss"]
[EventRounds "9"]
[EventCountry "CZE"]
[SourceTitle "EXT 2018"]
[Source "ChessBase"]
[SourceDate "2017.10.13"]
[SourceVersion "1"]
[SourceVersionDate "2017.10.13"]
[SourceQuality "1"]

1. e4 c5 2. Nf3 Nc6 3. d4 cxd4 4. Nxd4 Nf6 5. Nc3 e5 6. Ndb5 d6 7. Nd5 Nxd5 8. exd5 Nb8 9. Qf3 a6 10. Qa3 Be7 11. Bg5 f6 12. Bd2 O-O 13. Bb4 Bf5 14. Nxd6 a5 15. Bc5 Qc7 16. Nxb7 Qxb7 17. Bxe7 Re8 18. Bc4 Rxe7 19. Qxe7 Qxe7 20. d6+ Qf7 21. Bxf7+ Kxf7 22. O-O-O Nc6 1/2-1/2

[Event "25th Klatovy A 2017"]
[Site "Klatovy CZE"]
[Date "2017.07.02"]
[Round "2.34"]
[White "Stinka, Jakub"]
[Black "Pavlicek, Petr"]
[Result "0-1"]
[WhiteElo "1991"]
[BlackElo "1899"]
[PlyCount "103"]
[EventDate "2017.07.01"]
[EventType "swiss"]
[EventRounds "9"]
[EventCountry "CZE"]
[SourceTitle "EXT 2018"]
[Source "ChessBase"]
[SourceDate "2017.10.13"]
[SourceVersion "1"]
[SourceVersionDate "2017.10.13"]
[SourceQuality "1"]

1. e4 e6 2. d4 d5 3. Nd2 dxe4 4. Nxe4 Bd7 5. Nf3 Bc6 6. Bd3 Nd7 7. O-O Ngf6 8. Bg5 Be7 9. Bxf6 Nxf6 10. Nxf6+ Bxf6 11. c3 Bxf3 12. Qxf3 c6 13. Rfe1 O-O 14. Re3 g6 15. g3 Bg7 16. h4 h5 17. Be4 Qb6 18. Qe2 Rad8 19. Rd3 Rd6 20. Rad1 Rfd8 21. R3d2 Bh6 22. Rd3 Qa6 23. a3 Qb5 24. f4 Bg7 25. b4 a6 26. R3d2 Qxe2 27. Rxe2 e5 28. fxe5 Bxe5 29. Kg2 Bg7 30. Bc2 Kf8 31. Rde1 Bf6 32. Bb3 R6d7 33. Re4 Re7 34. Rxe7 Bxe7 35. Rf1 f5 36. Re1 b6 37. Re5 Rd6 38. Kf3 Bf6 39. Re3 c5 40. bxc5 bxc5 41. d5 Kf7 42. Kf4 Be7 43. c4 Bf8 44. Rd3 Bh6+ 45. Ke5 Bf8 46. Ba4 Ke7 47. Bc6 Bg7+ 48. Kf4 Kf6 49. Rb3 Bh6+ 50. Kf3 Ke5 51. Rd3 a5 52. Rd1 0-1

[Event "25th Klatovy A 2017"]
[Site "Klatovy CZE"]
[Date "2017.07.02"]
[Round "2.35"]
[White "Kantor, Jozef"]
[Black "Krauskopfova, Lenka 1996"]
[Result "0-1"]
[WhiteElo "1844"]
[BlackElo "1986"]
[PlyCount "76"]
[EventDate "2017.07.01"]
[EventType "swiss"]
[EventRounds "9"]
[EventCountry "CZE"]
[SourceTitle "EXT 2018"]
[Source "ChessBase"]
[SourceDate "2017.10.13"]
[SourceVersion "1"]
[SourceVersionDate "2017.10.13"]
[SourceQuality "1"]

1. e4 c5 2. Nf3 Nc6 3. d4 cxd4 4. Nxd4 g6 5. Nc3 Nf6 6. Bc4 Bg7 7. Bb3 O-O 8. Be3 a5 9. a3 a4 10. Bc4 Nxe4 11. Nxc6 bxc6 12. Nxe4 d5 13. c3 dxc4 14. O-O Bf5 15. Nc5 Qa5 16. Qe2 Qb5 17. Rfd1 Rfd8 18. Rd4 Bd3 19. Rxd8+ Rxd8 20. Qd2 e5 21. Rd1 Bf8 22. Bg5 Rd5 23. Nxd3 Rxd3 24. Qe1 Qxb2 25. Rb1 Qxc3 26. Qe2 Qd4 27. h3 Kg7 28. Be3 Qd5 29. Kh2 Rxa3 30. f4 Qd3 31. Qb2 Qxe3 32. fxe5 Qg3+ 33. Kh1 Qc3 34. Qe2 Qd3 35. Qb2 c3 36. Qb7 c2 37. Rg1 Qd5 38. e6 Rxh3# 0-1

[Event "25th Klatovy A 2017"]
[Site "Klatovy CZE"]
[Date "2017.07.02"]
[Round "2.36"]
[White "Kubat, Miroslav"]
[Black "Hlozek, David"]
[Result "0-1"]
[WhiteElo "1983"]
[BlackElo "1890"]
[PlyCount "126"]
[EventDate "2017.07.01"]
[EventType "swiss"]
[EventRounds "9"]
[EventCountry "CZE"]
[SourceTitle "EXT 2018"]
[Source "ChessBase"]
[SourceDate "2017.10.13"]
[SourceVersion "1"]
[SourceVersionDate "2017.10.13"]
[SourceQuality "1"]

1. e4 e5 2. f4 d5 3. exd5 c6 4. d4 exd4 5. Qxd4 Nf6 6. Nf3 cxd5 7. Bb5+ Nc6 8. O-O Be7 9. Qa4 Qb6+ 10. Kh1 O-O 11. Nc3 Bf5 12. Re1 Bc5 13. Bxc6 bxc6 14. Ne5 Rac8 15. Rb1 Bb4 16. Be3 d4 17. Bg1 c5 18. a3 dxc3 19. axb4 Qxb4 20. Qxb4 cxb4 21. bxc3 bxc3 22. Bxa7 Bxc2 23. Rbc1 Bf5 24. h3 Rfd8 25. Be3 Nd5 26. Kg1 f6 27. Nf3 Nb4 28. Nd4 Bd7 29. Rb1 Nd3 30. Red1 c2 31. Nxc2 Ba4 32. Nd4 Bxd1 33. Rxd1 Nb4 34. Rb1 Nd5 35. Bf2 Nxf4 36. Nf5 Rc2 37. Bg3 Ne2+ 38. Kh2 Nxg3 39. Kxg3 Rdd2 40. Rb8+ Kf7 41. Rb7+ Kg6 42. Nh4+ Kh6 43. Nf5+ Kg5 44. Ne3 Rc3 45. Rxg7+ Kh5 46. Re7 Rdd3 47. Kf4 Kg6 48. g4 Rd4+ 49. Kf3 Rcd3 50. Kg3 Rd7 51. Re4 Ra7 52. Kf3 Kg5 53. Kg3 Rb7 54. h4+ Kg6 55. Kf4 Kf7 56. g5 fxg5+ 57. Kxg5 Rb5+ 58. Kg4 Rbb3 59. Kf4 Kg6 60. Re6+ Kh5 61. Nf5 Rf3+ 62. Ke4 Kg4 63. Re7 Rf4+ 0-1

[Event "25th Klatovy A 2017"]
[Site "Klatovy CZE"]
[Date "2017.07.02"]
[Round "2.37"]
[White "Novak, Vaclav2"]
[Black "Strnad, Jakub"]
[Result "0-1"]
[WhiteElo "1829"]
[BlackElo "1980"]
[PlyCount "31"]
[EventDate "2017.07.01"]
[EventType "swiss"]
[EventRounds "9"]
[EventCountry "CZE"]
[SourceTitle "EXT 2018"]
[Source "ChessBase"]
[SourceDate "2017.10.13"]
[SourceVersion "1"]
[SourceVersionDate "2017.10.13"]
[SourceQuality "1"]

1. e4 e5 2. Nf3 Nc6 3. Bc4 Nf6 4. Nc3 Nxe4 5. Nxe4 d5 6. Bb5 dxe4 7. Bxc6+ bxc6 8. Ng1 Qg5 9. g3 Bg4 10. f3 exf3 11. Nxf3 Qh5 12. Kf2 Bc5+ 13. d4 Bxd4+ 14. Be3 Bxe3+ 15. Kxe3 e4 16. Qd4 0-1

[Event "25th Klatovy A 2017"]
[Site "Klatovy CZE"]
[Date "2017.07.02"]
[Round "2.38"]
[White "Skopec, Lubos"]
[Black "Nagy, Ladislav1"]
[Result "1/2-1/2"]
[WhiteElo "1972"]
[BlackElo "1812"]
[PlyCount "54"]
[EventDate "2017.07.01"]
[EventType "swiss"]
[EventRounds "9"]
[EventCountry "CZE"]
[SourceTitle "EXT 2018"]
[Source "ChessBase"]
[SourceDate "2017.10.13"]
[SourceVersion "1"]
[SourceVersionDate "2017.10.13"]
[SourceQuality "1"]

1. e4 c5 2. c3 d5 3. exd5 Qxd5 4. d4 Nf6 5. Nf3 Bg4 6. Be2 e6 7. O-O Nc6 8. Be3 cxd4 9. Nxd4 Bxe2 10. Qxe2 Nxd4 11. Bxd4 Be7 12. Na3 Bxa3 13. bxa3 b6 14. Rfd1 Qh5 15. Qe3 Qg6 16. a4 O-O 17. a5 bxa5 18. Rab1 Rab8 19. Rxb8 Rxb8 20. Bxa7 Rb1 21. Qe1 Rxd1 22. Qxd1 h6 23. h3 Qf5 24. c4 Qe5 25. Be3 Qc3 26. Qa4 Ne4 27. c5 Nxc5 1/2-1/2

[Event "25th Klatovy A 2017"]
[Site "Klatovy CZE"]
[Date "2017.07.02"]
[Round "2.39"]
[White "Kusa, Jakub"]
[Black "Schuster, Jan"]
[Result "1/2-1/2"]
[WhiteElo "1828"]
[BlackElo "1967"]
[PlyCount "141"]
[EventDate "2017.07.01"]
[EventType "swiss"]
[EventRounds "9"]
[EventCountry "CZE"]
[SourceTitle "EXT 2018"]
[Source "ChessBase"]
[SourceDate "2017.10.13"]
[SourceVersion "1"]
[SourceVersionDate "2017.10.13"]
[SourceQuality "1"]

1. e4 e5 2. Nf3 Nc6 3. Bb5 a6 4. Ba4 Nf6 5. d3 d6 6. O-O b5 7. Bb3 Na5 8. c3 Nxb3 9. axb3 Be7 10. Bg5 O-O 11. h3 h6 12. Bh4 Nh7 13. Bxe7 Qxe7 14. Nbd2 c5 15. Re1 Bb7 16. Nf1 Ng5 17. Ng3 g6 18. Nxg5 Qxg5 19. Qg4 Qxg4 20. hxg4 Kg7 21. f3 Kf6 22. c4 Rfb8 23. Red1 Bc8 24. Ra3 Ra7 25. Rd2 Rc7 26. Nf1 Rc6 27. Ne3 Be6 28. Nd5+ Bxd5 29. cxd5 Rcb6 30. Rc2 Ra8 31. Ra5 Kg5 32. Kf2 f5 33. gxf5 gxf5 34. Rc1 f4 35. Kg1 h5 36. b4 cxb4 37. Rc6 Rxc6 38. dxc6 Kf6 39. c7 Rc8 40. Rxa6 Rxc7 41. Rxd6+ Kg5 42. Rd5 Rc2 43. Rxe5+ Kh4 44. Kh2 Rxb2 45. Rf5 b3 46. Rxf4+ Kg5 47. Rf5+ Kg6 48. Rxb5 Rb1 49. d4 b2 50. f4 Re1 51. f5+ Kg5 52. Rxb2 Rxe4 53. Rf2 Kf6 54. d5 Re3 55. g3 Rd3 56. Kh3 Rd1 57. d6 Rxd6 58. Kh4 Rd3 59. Rg2 Kxf5 60. Kxh5 Kf6 61. Rf2+ Kg7 62. g4 Rh3+ 63. Kg5 Ra3 64. Rf5 Ra1 65. Rb5 Ra2 66. Rb7+ Kg8 67. Kh5 Ra5+ 68. g5 Ra6 69. g6 Ra1 70. Kh6 Rh1+ 71. Kg5 1/2-1/2

[Event "25th Klatovy A 2017"]
[Site "Klatovy CZE"]
[Date "2017.07.02"]
[Round "2.40"]
[White "Cecil, Pavel"]
[Black "Rezac, Jindrich"]
[Result "1/2-1/2"]
[WhiteElo "1967"]
[BlackElo "1802"]
[PlyCount "62"]
[EventDate "2017.07.01"]
[EventType "swiss"]
[EventRounds "9"]
[EventCountry "CZE"]
[SourceTitle "EXT 2018"]
[Source "ChessBase"]
[SourceDate "2017.10.13"]
[SourceVersion "1"]
[SourceVersionDate "2017.10.13"]
[SourceQuality "1"]

1. d4 Nf6 2. c4 g6 3. g3 Bg7 4. Bg2 d5 5. Nf3 c6 6. Qb3 dxc4 7. Qxc4 Qb6 8. O-O O-O 9. Nc3 Be6 10. Qa4 Na6 11. e4 Bd7 12. Qc2 e6 13. Be3 Ng4 14. Bf4 f5 15. Bd6 Rfe8 16. e5 Rac8 17. Na4 Qa5 18. Nc5 Nxc5 19. dxc5 b6 20. h3 Nh6 21. Rfd1 Nf7 22. Rab1 bxc5 23. Bxc5 Rc7 24. b4 Qa6 25. Bf1 Qb7 26. Bd6 Nxd6 27. Rxd6 c5 28. Qb3 cxb4 29. Ba6 Qa8 30. Bc4 Qc8 31. Ba6 Qa8 1/2-1/2

[Event "25th Klatovy A 2017"]
[Site "Klatovy CZE"]
[Date "2017.07.02"]
[Round "2.41"]
[White "Kasik, Miroslav"]
[Black "Zizka, Petr"]
[Result "1/2-1/2"]
[WhiteElo "1805"]
[BlackElo "1966"]
[PlyCount "76"]
[EventDate "2017.07.01"]
[EventType "swiss"]
[EventRounds "9"]
[EventCountry "CZE"]
[SourceTitle "EXT 2018"]
[Source "ChessBase"]
[SourceDate "2017.10.13"]
[SourceVersion "1"]
[SourceVersionDate "2017.10.13"]
[SourceQuality "1"]

1. e4 g6 2. d4 Bg7 3. Be3 d6 4. c3 Nf6 5. f3 c6 6. Nd2 a5 7. a4 Na6 8. Bd3 O-O 9. Ne2 Bd7 10. O-O Qc7 11. Ng3 e5 12. dxe5 dxe5 13. Qe2 Be6 14. Bc4 Rfe8 15. Rfd1 Nd7 16. Qf2 Bf8 17. Bxe6 Rxe6 18. Nb3 b6 19. Qc2 Ndc5 20. Nxc5 Nxc5 21. Rd2 Rd8 22. Rxd8 Qxd8 23. Rd1 Rd6 24. Rxd6 Qxd6 25. Nf1 b5 26. axb5 cxb5 27. b3 a4 28. bxa4 Nxa4 29. Nd2 Qc6 30. Nb1 Bc5 31. Bxc5 Qxc5+ 32. Qf2 Qxf2+ 33. Kxf2 Kf8 34. Ke3 Ke7 35. Kd3 Kd6 36. Nd2 Nc5+ 37. Kc2 Kc6 38. Nf1 Ne6 1/2-1/2

[Event "25th Klatovy A 2017"]
[Site "Klatovy CZE"]
[Date "2017.07.02"]
[Round "2.42"]
[White "Vartazaryan, Gor"]
[Black "Cekan, Petr1"]
[Result "1-0"]
[WhiteElo "1795"]
[BlackElo "1965"]
[PlyCount "37"]
[EventDate "2017.07.01"]
[EventType "swiss"]
[EventRounds "9"]
[EventCountry "CZE"]
[SourceTitle "EXT 2018"]
[Source "ChessBase"]
[SourceDate "2017.10.13"]
[SourceVersion "1"]
[SourceVersionDate "2017.10.13"]
[SourceQuality "1"]

1. e4 c5 2. Nf3 Nc6 3. Bb5 g6 4. O-O Bg7 5. c3 e5 6. Re1 Nge7 7. d3 O-O 8. Be3 b6 9. Qd2 d5 10. exd5 Qxd5 11. Na3 a6 12. Bxc6 Qxc6 13. Nc4 Bb7 14. Bh6 f6 15. Bxg7 Kxg7 16. Qe2 Nd5 17. Rac1 Nf4 18. Qe3 Qe6 19. Qxf4 1-0

[Event "25th Klatovy A 2017"]
[Site "Klatovy CZE"]
[Date "2017.07.02"]
[Round "2.43"]
[White "Paldus, Jan"]
[Black "Danek, Vaclav"]
[Result "1-0"]
[WhiteElo "1770"]
[BlackElo "1953"]
[PlyCount "65"]
[EventDate "2017.07.01"]
[EventType "swiss"]
[EventRounds "9"]
[EventCountry "CZE"]
[SourceTitle "EXT 2018"]
[Source "ChessBase"]
[SourceDate "2017.10.13"]
[SourceVersion "1"]
[SourceVersionDate "2017.10.13"]
[SourceQuality "1"]

1. e4 e5 2. Nf3 Nc6 3. Bb5 a6 4. Ba4 Nf6 5. O-O b5 6. Bb3 Be7 7. Re1 O-O 8. c3 d6 9. d4 Bg4 10. Be3 h6 11. Nbd2 d5 12. Bc2 Re8 13. h3 exd4 14. cxd4 Be6 15. e5 Nh7 16. Bxh7+ Kxh7 17. Qc2+ g6 18. Qxc6 Qc8 19. Kh2 Rf8 20. Rac1 Bd8 21. Nb3 Rb8 22. Qc2 Bf5 23. Qd2 g5 24. Na5 Rb6 25. Rc6 f6 26. Rxb6 cxb6 27. Rc1 Qd7 28. Nc6 Bc7 29. Qc3 Rf7 30. Nb4 Be4 31. Nxa6 Bd8 32. Qc8 Qe7 33. Nb8 1-0

[Event "25th Klatovy A 2017"]
[Site "Klatovy CZE"]
[Date "2017.07.02"]
[Round "2.44"]
[White "Richter, Martin1"]
[Black "Hak, David"]
[Result "1/2-1/2"]
[WhiteElo "1945"]
[BlackElo "1777"]
[PlyCount "106"]
[EventDate "2017.07.01"]
[EventType "swiss"]
[EventRounds "9"]
[EventCountry "CZE"]
[SourceTitle "EXT 2018"]
[Source "ChessBase"]
[SourceDate "2017.10.13"]
[SourceVersion "1"]
[SourceVersionDate "2017.10.13"]
[SourceQuality "1"]

1. d4 d5 2. c4 e6 3. Nc3 Nf6 4. Bg5 Be7 5. e3 c6 6. cxd5 exd5 7. Bd3 Bg4 8. Qc2 Nbd7 9. Nge2 Rc8 10. h3 Bxe2 11. Qxe2 O-O 12. O-O Re8 13. Rab1 Qa5 14. Bf5 Rcd8 15. Qc2 h6 16. Bf4 Nb6 17. Bc7 Ra8 18. a3 Bd8 19. Bd6 Nc4 20. Bb4 Qc7 21. Ne2 a5 22. Bc3 Qd6 23. Bd3 Bc7 24. g3 Qe6 25. Kg2 h5 26. Bd2 h4 27. Nf4 Qd6 28. Bxc4 dxc4 29. Qxc4 Ne4 30. Be1 g5 31. Ne2 b5 32. Qc2 Re6 33. Nc3 Nxc3 34. Qxc3 Rae8 35. Qc5 Qxc5 36. dxc5 hxg3 37. Bd2 Rd8 38. Bc3 gxf2 39. Kxf2 Rd5 40. b4 Rd3 41. Bd4 Rxa3 42. Rg1 f6 43. h4 Bd8 44. hxg5 fxg5 45. Rh1 Bf6 46. Rh6 Kf7 47. Rh7+ Kg6 48. Rbh1 Bxd4 49. exd4 Kf5 50. Rf7+ Rf6 51. Rxf6+ Kxf6 52. bxa5 Kg6 53. Re1 Kf6 1/2-1/2

[Event "25th Klatovy A 2017"]
[Site "Klatovy CZE"]
[Date "2017.07.03"]
[Round "3.1"]
[White "Neuman, Petr"]
[Black "Miesbauer, Jan"]
[Result "1/2-1/2"]
[WhiteElo "2442"]
[BlackElo "2186"]
[PlyCount "23"]
[EventDate "2017.07.01"]
[EventType "swiss"]
[EventRounds "9"]
[EventCountry "CZE"]
[SourceTitle "EXT 2018"]
[Source "ChessBase"]
[SourceDate "2017.10.13"]
[SourceVersion "1"]
[SourceVersionDate "2017.10.13"]
[SourceQuality "1"]

1. d4 f5 2. Nc3 Nf6 3. f3 d5 4. Bg5 c5 5. e4 Nc6 6. Bb5 fxe4 7. Bxf6 exf6 8. fxe4 dxe4 9. dxc5 Bd7 10. Qh5+ g6 11. Qd5 Qe7 12. Qxe4 1/2-1/2

[Event "25th Klatovy A 2017"]
[Site "Klatovy CZE"]
[Date "2017.07.03"]
[Round "3.2"]
[White "Vorisek, Jaroslav"]
[Black "Nomin Erdene, Davaademberel"]
[Result "0-1"]
[WhiteElo "2185"]
[BlackElo "2373"]
[PlyCount "60"]
[EventDate "2017.07.01"]
[EventType "swiss"]
[EventRounds "9"]
[EventCountry "CZE"]
[SourceTitle "EXT 2018"]
[Source "ChessBase"]
[SourceDate "2017.10.13"]
[SourceVersion "1"]
[SourceVersionDate "2017.10.13"]
[SourceQuality "1"]

1. e4 c6 2. d4 d5 3. Nc3 dxe4 4. Nxe4 Bf5 5. Ng3 Bg6 6. h4 h6 7. h5 Bh7 8. Nf3 Nd7 9. Bd3 Bxd3 10. Qxd3 e6 11. Bf4 Qa5+ 12. Bd2 Bb4 13. c3 Be7 14. c4 Qc7 15. O-O-O Ngf6 16. Ne4 Rd8 17. Kb1 c5 18. Bc3 O-O 19. b3 cxd4 20. Bxd4 Nc5 21. Nxf6+ Bxf6 22. Qe3 Bxd4 23. Nxd4 a5 24. a4 Nxa4 25. Nb5 Qe7 26. bxa4 Qb4+ 27. Kc2 Qxc4+ 28. Nc3 Rc8 29. Rd4 Qa2+ 30. Kd1 Qb3+ 0-1

[Event "25th Klatovy A 2017"]
[Site "Klatovy CZE"]
[Date "2017.07.03"]
[Round "3.3"]
[White "Palek, Miroslav"]
[Black "Formanek, Martin"]
[Result "0-1"]
[WhiteElo "2174"]
[BlackElo "2273"]
[PlyCount "90"]
[EventDate "2017.07.01"]
[EventType "swiss"]
[EventRounds "9"]
[EventCountry "CZE"]
[SourceTitle "EXT 2018"]
[Source "ChessBase"]
[SourceDate "2017.10.13"]
[SourceVersion "1"]
[SourceVersionDate "2017.10.13"]
[SourceQuality "1"]

1. e4 c5 2. Nf3 d6 3. d4 cxd4 4. Nxd4 Nf6 5. Nc3 a6 6. g3 e5 7. Nde2 Be7 8. Bg2 O-O 9. O-O Qc7 10. a4 b6 11. Bg5 Nbd7 12. h3 Bb7 13. Qd2 Rac8 14. Rfc1 Rfe8 15. g4 h6 16. Be3 Nf8 17. Ng3 Ng6 18. Nf5 Bf8 19. Bf3 Qb8 20. Re1 Rxc3 21. Qxc3 Nxe4 22. Qb4 Ng5 23. Bxb7 Qxb7 24. Bxg5 hxg5 25. Qb3 Nf4 26. Qg3 d5 27. Rad1 Qc6 28. Qc3 Qxc3 29. bxc3 Nxh3+ 30. Kh2 Nf4 31. c4 g6 32. Ng3 d4 33. Rxd4 Bc5 34. c3 Kg7 35. Rxf4 gxf4 36. Ne4 f5 37. Nxc5 bxc5 38. gxf5 g5 39. Rd1 Kf6 40. Rd5 Kxf5 41. Rxc5 g4 42. a5 Rb8 43. Rd5 Ke4 44. Kg2 Rb2 45. Kg1 Rc2 0-1